<?xml version="1.0" encoding="UTF-8"?>
<record
    xmlns:xsi="http://www.w3.org/2001/XMLSchema-instance"
    xsi:schemaLocation="http://www.loc.gov/MARC21/slim http://www.loc.gov/standards/marcxml/schema/MARC21slim.xsd"
    xmlns="http://www.loc.gov/MARC21/slim">

  <leader>00598naa a2200217 i 4500</leader>
  <controlfield tag="001">74394</controlfield>
  <controlfield tag="003">ES-MaBCM</controlfield>
  <controlfield tag="005">20241016120148.0</controlfield>
  <controlfield tag="008">010420s2001    fra           000 0 fre d</controlfield>
  <datafield tag="021" ind1=" " ind2=" ">
    <subfield code="a">xx</subfield>
  </datafield>
  <datafield tag="035" ind1=" " ind2=" ">
    <subfield code="a">(OCoLC)1365150054</subfield>
  </datafield>
  <datafield tag="040" ind1=" " ind2=" ">
    <subfield code="c">ES-MaBCM</subfield>
  </datafield>
  <datafield tag="041" ind1="0" ind2=" ">
    <subfield code="a">fre</subfield>
  </datafield>
  <datafield tag="043" ind1=" " ind2=" ">
    <subfield code="a">fra</subfield>
  </datafield>
  <datafield tag="100" ind1="1" ind2=" ">
    <subfield code="a">Tonon, Eric</subfield>
    <subfield code="9">46512</subfield>
  </datafield>
  <datafield tag="245" ind1="1" ind2="0">
    <subfield code="a">Le risque-pays en Lituanie</subfield>
    <subfield code="c">Eric Tonon</subfield>
  </datafield>
  <datafield tag="651" ind1="2" ind2="0">
    <subfield code="a">Lituania</subfield>
    <subfield code="9">117325</subfield>
  </datafield>
  <datafield tag="650" ind1="2" ind2="7">
    <subfield code="a">Situaci&#xF3;n pol&#xED;tica</subfield>
    <subfield code="9">60283</subfield>
  </datafield>
  <datafield tag="773" ind1="0" ind2=" ">
    <subfield code="a">En:</subfield>
    <subfield code="t">Le courrier des Pays de l'Est</subfield>
    <subfield code="d">Paris : 2001</subfield>
    <subfield code="w">104826</subfield>
    <subfield code="g">n&#xBA; 1011, janv., p. 61-70. - Loc. S.328</subfield>
  </datafield>
  <datafield tag="942" ind1=" " ind2=" ">
    <subfield code="c">AREV</subfield>
  </datafield>
  <datafield tag="999" ind1=" " ind2=" ">
    <subfield code="c">74394</subfield>
    <subfield code="d">74394</subfield>
  </datafield>
  <datafield tag="952" ind1=" " ind2=" ">
    <subfield code="0">0</subfield>
    <subfield code="1">0</subfield>
    <subfield code="4">0</subfield>
    <subfield code="7">0</subfield>
    <subfield code="a">BC</subfield>
    <subfield code="b">BC</subfield>
    <subfield code="d">2012-04-21</subfield>
    <subfield code="l">0</subfield>
    <subfield code="w">2012-04-21</subfield>
    <subfield code="y">AREV</subfield>
  </datafield>
</record>
